00385nam a2200145Ia 4500008004100000020001500041041001200056082001600068100001700084245006500101260003500166300000800201650001400209700001600223221030s9999 xx 000 0 und d a8178082993 aEnglish a105.23bMol aH. G. Molina 0aDatabase System Implementationcby H. G. Molina, J.D. Ullman bPearson EducationaDelhic2003 a653 aComputers aJ.D. Ullman